| 000 | 00397nam a2200181Ia 4500 | ||
|---|---|---|---|
| 008 | 151202s9999||||xx |||||||||||||| ||und|| | ||
| 082 | _bPNVM-71393 | ||
| 100 | _aROBERTS NORA. | ||
| 245 | _aSacred Sins. | ||
| 260 | _b--- | ||
| 260 | _c71393 | ||
| 300 | _a0 | ||
| 600 | _aROBERTS NORA. | ||
| 630 | _aSacred Sins. | ||
| 700 | _aROBERTS NORA. | ||
| 730 | _aSacred Sins. | ||
| 942 | _cBOOK | ||
| 999 |
_c1337988 _d1337985 |
||